000 00698nam a22001937a 4500
005 20250929110741.0
010 _aENG-146878
020 _a9789369582341
_c599.00
035 _aEN-130410
037 _bDBAD
082 _21
_a000
100 _aSrikant Singh
_985248
245 _aToppers Vocabulary (English-Hindi) :
_cSrikant Singh [and] Vivek Tripathi
_bThe best book on English Vocabulary for SSC, UPSC, Bank, CLAT & Other Exams/
260 _aUttar Pradesh
_bS. Chand Publishing
_c2025
270 _aD-92, Sector-2, Noida
_bUttar Pradesh
_e201301
_k61-120-4682700
300 _a754p.
_c27cm(pb)
700 _aTripathi, Vivek
_eAuthor
_985249
942 _2ddc
_cEN
_h000
_mSRI
999 _c213486
_d213486